| Tag |
First Indicator |
Second Indicator |
Subfields |
| LEADER |
00000cam a2200000 a 4500 |
| 001 |
in00001168438 |
| 005 |
20151001083011.0 |
| 008 |
920807s1993 waub 001 0deng |
| 010 |
|
|
|a 92031595
|
| 015 |
|
|
|a GB93-62795
|
| 019 |
|
|
|a 29519484
|
| 020 |
|
|
|a 0028810120 :
|c $24.00
|
| 035 |
|
|
|a (OCoLC)26503904
|
| 035 |
|
|
|9 AGF5794AM
|
| 040 |
|
|
|a DLC
|c DLC
|d UKM
|d TXA
|d UtOrBLW
|
| 043 |
|
|
|a a-vt---
|a n-us---
|
| 049 |
|
|
|a TXAS [mil]
|
| 050 |
0 |
0 |
|a DS558.8
|b .B43 1993
|
| 082 |
0 |
0 |
|a 959.704/348
|2 20
|
| 100 |
1 |
|
|a Bell, Kenneth H.,
|d 1931-
|
| 245 |
1 |
0 |
|a 100 missions north /
|c Kenneth H. Bell.
|
| 264 |
|
1 |
|a Washington :
|b Brassey's,
|c [1993]
|
| 264 |
|
4 |
|c ©1993
|
| 300 |
|
|
|a xiii, 314 pages :
|b map ;
|c 25 cm.
|
| 336 |
|
|
|a text
|b txt
|2 rdacontent
|
| 337 |
|
|
|a unmediated
|b n
|2 rdamedia
|
| 338 |
|
|
|a volume
|b nc
|2 rdacarrier
|
| 500 |
|
|
|a Includes index.
|
| 650 |
|
0 |
|a Vietnam War, 1961-1975
|x Aerial operations, American.
|
| 650 |
|
0 |
|a Vietnam War, 1961-1975
|v Personal narratives, American.
|
| 600 |
1 |
0 |
|a Bell, Kenneth H.,
|d 1931-
|
| 999 |
|
|
|a MARS
|
| 999 |
f |
f |
|s 7e0a437b-344b-3176-a668-530c94f70ec9
|i 90912efa-b26f-31f8-a666-4c792df00302
|t 0
|
| 952 |
f |
f |
|p normal
|a Texas A&M University
|b College Station
|c Sterling C. Evans Library
|d Evans: Library Stacks
|t 0
|e DS558.8 .B43 1993
|h Library of Congress classification
|i unmediated -- volume
|m A14818176341
|
| 952 |
f |
f |
|p noncirc
|a Texas A&M University
|b College Station
|c Cushing Memorial Library & Archives
|d Cushing: Ragan Military (Does not check out)
|t 0
|e DS558.8 .B43 1993
|h Library of Congress classification
|i unmediated -- volume
|
| 998 |
f |
f |
|a DS558.8 .B43 1993
|t 0
|l Cushing: Ragan Military (Does not check out)
|
| 998 |
f |
f |
|a DS558.8 .B43 1993
|t 0
|l Evans: Library Stacks
|